Statistics for Composers in Chronological Order

Click here to take the quiz!

General Stats

  • This quiz has been taken 80 times
  • The average score is 16 of 20

Answer Stats

Hint Answer % Correct
1685J.S. Bach
93%
1756Wolfgang Mozart
88%
1732Joseph Haydn
87%
1678Antonio Vivaldi
85%
1810Frédéric Chopin
84%
1770Ludwig van Beethoven
82%
1659Henry Purcell
81%
1098Hildegard von Bingen
79%
c.1300Guillaume de Machaut
79%
1833Johannes Brahms
78%
1860Gustav Mahler
78%
1862Claude Debussy
78%
c.1637Dieterich Buxtehude
76%
1797Franz Schubert
74%
1900Aaron Copland
72%
1937Philip Glass
72%
1918Leonard Bernstein
72%
1857Edward Elgar
71%
1882Igor Stravinsky
68%
1873Sergei Rachmaninov
68%

Score Distribution

Percentile by Number Answered

Percent of People with Each Score

Your Score History

You have not taken this quiz